000 01016cam a2200289Ma 4500
005 20151123120513.0
008 151123s2010 enk frb 001 0 eng d
020 _a9780230338371
020 _a0230338372
035 _a(OCoLC)754167938
040 _aCo-BoUCM
_bspa
_cSaul Niño
_dSaul Niño
041 0 _aeng
245 0 0 _aScaling social impact
_bnew thinking
_ceditado por Paul N. Bloom y Edward Skloot
260 _aBasingstoke (Hampshire, Inglaterra)
_bPalgrave Macmillan
_c2010
300 _axiv, 253 páginas
490 0 _aSocial entrepreneurship
504 _aIncluye referencias bibliográficas e índices
650 7 _aMercadeo
_xAspectos sociales
_934126
650 7 _aÉxito en los negocios
_915417
650 7 _aCambio social
_910356
650 7 _aEmprendedores
_914096
_xAspectos sociales
690 _942914
_aSociología
700 1 _aBloom, Paul N
_973879
700 1 _aSkloot, Edward
_973880
942 _2DEWEY
_a5
_cLIBRO
_e1
_h303.48
_mS282sc
999 _c301667
_d301667